000 00724nam a2200253Ia 4500
003 OSt
005 20220918165355.0
006 a|||||r|||| 00| 0
007 ta
008 220917b |||||||| |||| 00| 0 eng d
020 _a436257025
024 _a36,485
037 _cTextual
040 _aARTS
_cARTS
_beng
041 _2eng
_aeng
082 _aO123,2M99x, 111L6
100 _aLorca Federico Garcia
_923995
245 0 _aCollected plays tr James Graham Lujan and Richard L O Connell
260 _aLondon
_bSecker And Warburg UK
_c1976
300 _a467p.
_ccm.
650 _aENGLISH LITERATURE
942 _hO123,2M99x, 111L6
_cTEXL
_2CC
999 _c129555
_d129555